000 00455nam a22001817a 4500
003 MPLRDC
005 20220104113804.0
008 210129b ||||| |||| 00| 0 eng d
020 _a7-5396-1276-2
082 _a848.4 ZAL-13 v.1
100 _a张爱玲著
245 _a张爱玲散文系列. 上卷
_c
250 _a一版一刷
260 _a
_b安徽文艺出版社
_c1994
300 _b
650 _a现代别集
942 _cBK
_o848.4 ZAL-13 v.1
999 _c2372
_d2362